Real Analysis.
保存先:
| 第一著者: | |
|---|---|
| フォーマット: | 不明 |
| 言語: | 英語 |
| 出版事項: |
Upper Saddle River, USA:
Prentice Hall,
1988.
|
| 版: | Third edition. |
| 主題: | |
| タグ: |
タグ追加
タグなし, このレコードへの初めてのタグを付けませんか!
|
MARC
| LEADER | 00000 a2200000 4500 | ||
|---|---|---|---|
| 003 | CL-VaPUC | ||
| 005 | 20250221122429.0 | ||
| 008 | 231020t ||||| |||| 00| 0 eng d | ||
| 999 | |c 442048 |d 442046 | ||
| 020 | |a 9780024041517 | ||
| 020 | |a 0-02-404151-3 | ||
| 040 | |c Pontificia Universidad Católica de Valparaíso | ||
| 082 | 7 | |a 515.8 ROY 1988 |2 22 | |
| 100 | |a Royden, Halsey L |9 416741 |e author | ||
| 245 | |a Real Analysis. | ||
| 250 | |a Third edition. | ||
| 260 | |a Upper Saddle River, USA: |b Prentice Hall, |c 1988. | ||
| 300 | |a 444 páginas. | ||
| 583 | |k GC |c 20231020 | ||
| 650 | 0 | |a Funciones de variables reales |9 304566 | |
| 650 | 0 | |a Topología |9 260092 | |
| 942 | |2 ddc |c BK | ||
| 952 | |0 0 |1 0 |2 ddc |4 0 |6 515_800000000000000_ROY_1988 |7 0 |8 A |9 592048 |a BIBMAT |b BIBMAT |c GEN |d 2023-10-20 |e 1 |g 56577.00 |i 5659085 |l 1 |m 4 |o 515.8 ROY 1988 |p 5659085 |r 2025-01-07 |s 2024-07-11 |t 1 |v 56577.00 |w 2023-10-20 |y BK |k MAT | ||